Relatos que construyen historia/ (Registro nro. 38470)

Detalles MARC
000 -CABECERA
Longitud fija campo de control 01038nam a2200265 i 4500
003 - • IDENTIFICADOR DELl NÚMERO DE CONTROL
Identificador del número de control CO-BoRNBP
005 - • FECHA Y HORA DE LA ÚLTIMA TRANSACCIÓN
Fecha y hora de la última transacción 20241017084054.0
007 - • CAMPO FIJO DE DESCRIPCIÓN FÍSICA
Campo fijo de descripción física ta
008 - • CÓDIGOS DE INFORMACIÓN DE LONGITUD FIJA
Códigos de información de longitud fija 241017s2013 ck o|||| |||| 00| 0 spa d
020 ## - • NÚMERO INTERNACIONAL NORMALIZADO PARA LIBROS
Número Internacional Normalizado para Libros (ISBN) 9789585800434
040 ## - FUENTE DE LA CATALOGACIÓN
Centro catalogador de origen CO-BoRNBP
Lengua de catalogación spa
Centro transcriptor CO-BoRNBP
Normas de descripción rda
084 ## - • Clasificación Local Alfanúmerica PNLB
Número de clasificación GRUr
245 ## - • TITULO PROPIAMENTE DICHO
Título Relatos que construyen historia/
Mención de responsabilidad, etc. Grupo Gestión; investigación y redacción de textos: Jhon Moreno; asesor cultural, Edgar Castro Tejeiro; Fotografía, Alfombra Roja. Alejandro Correa Velasco
250 ## - • MENCIÓN DE EDICIÓN
Mención de edición Primera edición
264 #4 - PRODUCCIÓN, PUBLICACIÓN , DISTRIBUCIÓN, FABRICACIÓN Y COPYRIGHT
Lugar de producción, publicación, distribución, fabricación Villavicencio, Meta
Nombre del productor, editor, distribuidor, fabricante Grupo Gestión. Ecopetrol
Fecha de de producción, publicación, distribución, fabricación o copyright 2013
300 ## - • DESCRIPCIÓN FÍSICA
Extensión 217 páginas
Otras características físicas imagenes en blanco y negro
Dimensiones 28 cm
336 ## - TIPO DE CONTENIDO
Fuente rdacontent
Término de tipo de contenido texto
Código de tipo de contenido txt
337 ## - TIPO DE MEDIO
Fuente rdamedia
Nombre del tipo de medio sin mediación
Código del tipo de medio n
338 ## - TIPO DE SOPORTE
Fuente rdacarrier
Nombre del tipo de soporte volumen
Código del tipo de soporte nc
650 ## - • PUNTO DE ACCESO ADICIONAL DE MATERIA - TÉRMINO DE MATERIA
Fuente del encabezamiento o término LEMB
700 ## - • PUNTO DE ACCESO ADICIONAL - NOMBRE DE PERSONA
Nombre de persona Luis Enrique Vargas Cuellar
Término indicativo de función Director de Proyectos
Forma desarrollada del nombre Grupo Gestión
700 ## - • PUNTO DE ACCESO ADICIONAL - NOMBRE DE PERSONA
Nombre de persona alejandro Correa Velasco
Término indicativo de función Fotografía
700 ## - • PUNTO DE ACCESO ADICIONAL - NOMBRE DE PERSONA
Nombre de persona Pilar Ruiz Hernández
Término indicativo de función Diseño de Impresión
942 ## - ENTRADA DE ELEMENTOS AGREGADOS (KOHA)
Fuente de clasificaión o esquema Dewey Decimal Classification
Koha [por defecto] tipo de item LIbro
Existencias
Perdido Fuente de clasificación o esquema Estado Físico No para préstamo Forma de adquisición Localización permanente Localización actual Localización en estanterías Fecha adquisición Fuente de adquisición Préstamos totales Signatura completa Código de barras Fecha última consulta Número de copia Fecha del precio de reemplazo Tipo de item de Koha Note pública
        Colección Depósito Legal del Meta Biblioteca Pública Departamental Eduardo Carranza - Villavicencio Biblioteca Pública Departamental Eduardo Carranza - Villavicencio Local Patrimonial 01/31/2019     986.156 G78re ECA27337 11/26/2024 Ej.2 11/26/2024 LIbro 20237 | 26083
        Colección Fondo Patrimonial del Meta Biblioteca Pública Departamental Eduardo Carranza - Villavicencio Biblioteca Pública Departamental Eduardo Carranza - Villavicencio Local Patrimonial 01/31/2019     986.156 G78re ECA27336 11/26/2024 Ej.1 11/26/2024 LIbro 20237 | 26082
  Dewey Decimal Classification     Colección General Biblioteca Pública Guamal Biblioteca Pública Guamal Literatura 10/17/2024 Colección Local   GRUr GUA004306 10/17/2024 Ej.1 10/17/2024 LIbro  
  Dewey Decimal Classification     Colección General Biblioteca Pública Guamal Biblioteca Pública Guamal Literatura 10/17/2024 Colección Local   GRUr GUA004307 10/17/2024 Ej.1 10/17/2024 LIbro  
  Dewey Decimal Classification     Colección General Biblioteca Pública Guamal Biblioteca Pública Guamal Literatura 10/17/2024 Colección Local   GRUr GUA004308 10/17/2024 Ej.1 10/17/2024 LIbro  
  Dewey Decimal Classification     Colección General Biblioteca Pública Guamal Biblioteca Pública Guamal Literatura 10/17/2024 Colección Local   GRUr GUA004309 10/17/2024 Ej.1 10/17/2024 LIbro  
  Dewey Decimal Classification     Colección General Biblioteca Pública Guamal Biblioteca Pública Guamal Literatura 10/17/2024 Colección Local   GRUr GUA004310 10/17/2024 Ej.1 10/17/2024 LIbro  
  Dewey Decimal Classification     Colección General Biblioteca Pública Guamal Biblioteca Pública Guamal Literatura 10/17/2024 Colección Local   GRUr GUA004311 10/17/2024 Ej.1 10/17/2024 LIbro  
  Dewey Decimal Classification     Colección General Biblioteca Pública Guamal Biblioteca Pública Guamal Literatura 10/17/2024 Colección Local   GRUr GUA004312 10/17/2024 Ej.1 10/17/2024 LIbro  
  Dewey Decimal Classification     Colección General Biblioteca Pública Guamal Biblioteca Pública Guamal Literatura 10/17/2024 Colección Local   GRUr GUA004313 10/17/2024 Ej.1 10/17/2024 LIbro  









Instituto Departamental de Cultura del Meta - Red Departamental de Bibliotecas Públicas del Meta.